000 00789nam a22002537a 4500
005 20250326125336.0
010 _aENG-144265
020 _c00.00
_a978819230967
035 _aEN-127797
037 _bDBAD
082 _a954.00882971
100 _aBhat, shripad
_979933
245 a _aSanskrit sources of indian history volume-3;
_cShripad bhat
_bProceeding of the national seminar held on 7th-8th february 2013/
250 _a1
260 _aPune
_bTilak maharashtra vidyapeeth
_c2015
270 _aVidyapeeth bhavan, Gultekadi
_bPune
_e411037
300 _a421p.
_c22.2cm(Hb)
490 _v3
650 _aInstrumentation
_979934
650 _aInstrumentation
_979934
700 _919797
700 _aMani, V.S.
_919798
942 _2ddc
_cEN
_h954.00882971
_mBHA
999 _c210515
_d210515